00805cam a22002171a 4500001001000000003000900010005001700019008004100036010001300077040003300090100004100123245008700164260004600251300002900297490005000326500004200376910003300418942001400451952010500465999001700570000018975DO-SdBNP20250702095521.0810306s1937 nyu 000 0 eng  a37028747 aDO-SdBNPcPCarlDdOCoLCdDLC1 aDos Passos, John,d1896-1970.94082214aThe 42nd parallel, /cby John Dos Passos; with an introductory note by the author. aNew York, :bThe Modern Library,c[1937]. aix, ix, 415 p. ;c18 cm.0 aThe Modern library of the world's best books. a"First Modern library edition, 1937." aCatalogación derivada / LC 2ddccLBS1 001050718MOaGRbGRcCTd2010-05-21iLF1l0o p18975-10r2020-06-25w2020-06-25y1ZNo se presta c18493d18493